Poemas y cuentos / (Registro nro. 20674)
[ vista simple ]
| 000 -CABECERA | |
|---|---|
| campo de control de longitud fija | 00470nam a2200157 u 4500 |
| 001 - NÚMERO DE CONTROL | |
| campo de control | 000021173 |
| 005 - FECHA Y HORA DE LA ÚLTIMA TRANSACCIÓN | |
| campo de control | 20200930011244.0 |
| 008 - DATOS DE LONGITUD FIJA--INFORMACIÓN GENERAL | |
| campo de control de longitud fija | 100901s1968 ho r 000 m spa d |
| 040 ## - FUENTE DE LA CATALOGACIÓN | |
| Centro catalogador/agencia de origen | DO-SdBNP |
| Lengua de catalogación | spa |
| Centro/agencia transcriptor | BNPHU |
| 082 ## - NÚMERO DE LA CLASIFICACIÓN DECIMAL DEWEY | |
| Número de clasificación | xxx |
| Número de documento/Ítem | T843c |
| 049 ## - FONDOS LOCALES (OCLC) | |
| Fondos de biblioteca | BNGR |
| 100 1# - ENTRADA PRINCIPAL--NOMBRE DE PERSONA | |
| Nombre de persona | Tróchez, Raúl Gilberto |
| Fechas asociadas al nombre | 1917-2000 |
| 9 (RLIN) | 44264 |
| 245 10 - MENCIÓN DE TÍTULO | |
| Título | Poemas y cuentos / |
| Mención de responsabilidad, etc. | Raúl Gilberto Tróchez. |
| 260 ## - PUBLICACIÓN, DISTRIBUCIÓN, ETC. | |
| Lugar de publicación, distribución, etc. | Tegucigalpa : |
| Nombre del editor, distribuidor, etc. | Ministerio de Educación Pública, |
| Fecha de publicación, distribución, etc. | 1968. |
| 300 ## - DESCRIPCIÓN FÍSICA | |
| Extensión | 193 p. ; |
| Dimensiones | 22 cm. |
| Estado de retiro | Estado de pérdida | Restricciones de uso | No para préstamo | Código de colección | Localización permanente | Ubicación/localización actual | Ubicación en estantería | Fecha de adquisición | Número de inventario | Total de préstamos | Signatura topográfica completa | Código de barras | Fecha visto por última vez | Precio válido a partir de | Tipo de ítem Koha |
|---|---|---|---|---|---|---|---|---|---|---|---|---|---|---|---|
| Excluido de préstamo | Monografías: Libros y Folletos | General | General | En catalogación | 01.09.2010 | LF1 | xxx T843c | 21173-10 | 25.06.2020 | 25.06.2020 | No se presta |
